| 000 | 00697nam a2200217 a 4500 | ||
|---|---|---|---|
| 001 | 000016300 | ||
| 005 | 20200929164347.0 | ||
| 008 | 100303s1999 dr a 000 0 spa d | ||
| 020 | _a8495188139 | ||
| 040 |
_aDO-SdBNP _bspa _cBNPHU |
||
| 082 |
_axxx _bM385g |
||
| 100 | 1 |
_aMartínez San Pedro, África _936388 |
|
| 245 | 1 | 3 |
_aLa geometría del movimiento / _cÁfrica Martínez San Pedro; presentación María Luz Callejo. |
| 260 |
_aSanto Domingo : _bCentro Poveda, _c1999. |
||
| 300 |
_a76 p. : _bil. ; _c28 cm. |
||
| 490 | 1 |
_aEstrategías _v1 |
|
| 500 | _aIncluye nota al pie de páginas | ||
| 700 | 1 |
_aCallejo, María Luz _epres. _936389 |
|
| 830 | 0 |
_aEstrategías _n1 _936390 |
|
| 049 | _aBNPD | ||
| 999 |
_c15835 _d15835 |
||